| 000 | 00676nam a2200289Ia 4500 | ||
|---|---|---|---|
| 008 | 160321s9999||||xx |||||||||||||| ||und|| | ||
| 040 | _cEnglish | ||
| 082 | _aXI.A/Barker | ||
| 082 | _bBORI-53085 | ||
| 100 | _aErnest Barker | ||
| 245 | 4 | _aThe Crusades | |
| 260 | _aLondon | ||
| 260 | _bOxford University Press | ||
| 260 | _c1923 | ||
| 300 | _a112 | ||
| 300 | _cA | ||
| 300 | _eHardbound | ||
| 530 | _u00013902.pdf | ||
| 563 | _aStudy | ||
| 600 | _aErnest Barker | ||
| 630 | _aThe Crusades | ||
| 650 | _a"Politics, History and Historiography" | ||
| 650 | _aGeneral Indology | ||
| 700 | _aErnest Barker | ||
| 730 | _aThe Crusades | ||
| 942 | _cBOOK | ||
| 999 |
_c1364400 _d1364397 |
||